000 00394pab a2200157 454500
008 180718b2011 xxu||||| |||| 00| 0 eng d
100 _aRanci, Costanzo
245 _aCompetitiveness and social cohension in western Europeans cities
260 _c2011
300 _aP.2789-2804.
362 _aOct
650 _aUrban Development
773 _aUrban Studies
908 _aN
909 _a94547
999 _c94547
_d94547